| 000 | 01688nam a2200349 c 4500 | ||
|---|---|---|---|
| 003 | BLK | ||
| 005 | 20190508150028.0 | ||
| 008 | 180413b bul|||||r ||||||| ||bul|| | ||
| 010 | _aKNG00023739000 | ||
| 020 |
_a954-8706-37-7 _bиздат.: Тилиа |
||
| 040 | _aBLK | ||
| 041 |
_aBUL _cBUL |
||
| 080 |
_aНаука за държавата и правото. Общи въпроси. Увод в правото. Методи и помощни науки на правото _b340 _x(497.2)(075.3) _z340(497.2)(075.3) |
||
| 139 |
_aОснови на правото на Република България _bО 33 |
||
| 245 | 1 | 0 |
_aОснови на правото на Република България _bУчебник за предпроф. подготовка в IХ и Х кл. на СОУ : Ч. 1 - 2 _nЧ. 2 |
| 250 | _a2. прераб. изд. | ||
| 257 | _aBGR | ||
| 260 |
_аСофия _bТилиа _c1998 |
||
| 300 | _c23 см | ||
| 380 | _a3 | ||
| 650 | 4 |
_aПраво - България _9255543 |
|
| 651 | 4 |
_aБългария _9241624 |
|
| 653 | _aправо | ||
| 653 | _aБългария | ||
| 653 | _aоснови | ||
| 760 | 1 |
_b2. прераб. изд. _h152 с. : със сх. _nДруги авт.: Ф. Рачев, Ч. Големинов, И. Шотлеков, Д. Хрусанов, С. Михайлова, Е. Димитрова, Н. Филчев ; Пълното име на авт. Е. Димитрова е Евелина Димитрова Стоева _tЧ. 2 |
|
| 852 | _aЦб 198048 | ||
| 856 | 4 |
_qpdf _u |
|
| 856 | 4 |
_qpdf _u |
|
| 942 |
_cKNG _n0 _01 |
||
| 944 |
_aCR _c15.01.2003 _kТеодора_Стоянова |
||
| 944 |
_aED _c13.03.2015 _kРадостина_Карадакова |
||
| 999 |
_c21461 _d21461 |
||